El rosario (Registro nro. 11412)

Detalles MARC
000 -CABECERA
Longitud fija campo de control 00625nam a22002177b 4500
001 - NÚMERO DE CONTROL
Número de control Mimo0001983446
003 - IDENTIFICADOR DELl NÚMERO DE CONTROL
Identificador del número de control OSt
005 - FECHA Y HORA DE LA ÚLTIMA TRANSACCIÓN
Fecha y hora de la última transacción 20140626213002.0
008 - CÓDIGOS DE INFORMACIÓN DE LONGITUD FIJA
Códigos de información de longitud fija 041104r1931 sp | ||| ||spa
040 ## - FUENTE DE LA CATALOGACIÓN
Centro transcriptor BMC
082 ## - NÚMERO DE LA CLASIFICACIÓN DECIMAL DEWEY
Númeroo de clasificación 823
100 1# - PUNTO DE ACCESO PRINCIPAL-NOMBRE DE PERSONA
Nombre de persona Barclay, Florence L.
Fechas asociadas al nombre 1862-1921
9 (RLIN) 20802
245 13 - MENCIÓN DE TÍTULO
Título El rosario
Mención de responsabilidad, etc. novela traducida del inglés por Zoe Godoy y María Luz Morales
250 ## - MENCIÓN DE EDICIÓN
Mención de edición 10ª ed
260 ## - PUBLICACIÓN, DISTRIBUCIÓN, ETC. (PIE DE IMPRENTA)
Lugar de publicación, distribución, etc. Barcelona
Nombre del editor, distribuidor, etc. Edita
Fecha de publicación, distribución, etc. 1931
300 ## - DESCRIPCIÓN FÍSICA
Extensión 350 p.
Dimensiones 19 cm
490 0# - MENCIÓN DE SERIE
Mención de serie Obras completas de Florencia L. Barclay
700 1# - PUNTO DE ACCESO ADICIONAL - NOMBRE DE PERSONA
Nombre de persona Godoy, Zoe
9 (RLIN) 20803
700 1# - PUNTO DE ACCESO ADICIONAL - NOMBRE DE PERSONA
9 (RLIN) 20820
Nombre de persona Morales, María Luz
Fechas asociadas al nombre 1889-1980
942 ## - ENTRADA DE ELEMENTOS AGREGADOS (KOHA)
Fuente de clasificaión o esquema Dewey Decimal Classification
Koha [por defecto] tipo de item 1- Monografias
Existencias
Suprimido Perdido Fuente de clasificación o esquema Estropeado Restricciones de uso No para préstamo Código de colección Localización permanente Localización actual Localización en estanter&íacute;as Fecha adquisición Fuente de adquisición Número de inventario Préstamos totales Signatura completa Código de barras Fecha última consulta Coste, precio reemplazado Fecha del precio de reemplazo Tipo de item de Koha
NULL NULL Dewey Decimal Classification NULL Prestable NULL NULL Biblioteca Miguel de Cervantes - UNICAES Biblioteca Miguel de Cervantes - UNICAES Sala Principal 20/06/2014 Donación - OYARZUN 018063   N BAR ros 1018406 20/06/2014 6.83 20/06/2014 1- Monografias